| 000 | 01576cam a2200229 4500 | ||
|---|---|---|---|
| 001 | L130053 | ||
| 008 | 050617n2004 000 0 eng u | ||
| 035 | _a(Sirsi) u130053 | ||
| 041 | _aeng | ||
| 050 |
_a711.1 _c18 |
||
| 110 |
_aUnited Kingdom _bOffice of the Deputy Prime Minister |
||
| 245 |
_aCreating local development frameworks _ba companion guide to PPS12 |
||
| 260 |
_aLondon _bOffice of the Deputy Prime Minister _c2004 |
||
| 300 |
_a143p. _c30cm. |
||
| 520 | _aLocal development frameworks is the non-statutory term for the portfolio of local development documents, which will comprise the spatial planning strategy for a local planning authority's area. These documents, introduced as a result of the Planning and Compulsory Purchase Act 2004 and the accompanying Regulations, will replace the existing system of local, structure and unitary development plans. This guide is intended to assist those involved in local development framework preparation, particularly local planning authorities. It is concerned with providing practical guidance on the preparation of local development documents. It replaces "Making plans - a practical guide: good practice in plan preparation and management of the development plan process" published in 2002. | ||
| 650 | _aPLANNING POLICY STATEMENT 12 | ||
| 650 | _aPLANNING POLICY STATEMENT 11 | ||
| 650 | _aPLANNING POLICY STATEMENT ONE | ||
| 650 | _aSTATEMENTS OF COMMUNITY INVOLVEMENT | ||
| 690 | _aENVIRONMENTAL AND LAND CONSULTANCY-PLANNING AND DEVELOPMENT-PLANNING GUIDANCE-LOCAL DEVELOPMENT PLANS | ||
| 942 | _n0 | ||
| 999 |
_c104335 _d104335 |
||